Statistics for Globle

Click here to take the quiz!

General Stats

  • This quiz has been taken 313 times
  • The average score is 3 of 5

Answer Stats

Answer% Correct
AAfghanistan
100%
AAlbania
100%
AAlgeria
100%
AAndorra
100%
AAntigua and Barbuda
100%
AArgentina
100%
AArmenia
100%
BBahamas
100%
BBotswana
100%
BBrazil
100%
BBrunei
100%
BBulgaria
100%
CCanada
100%
CCape Verde
100%
CComoros
100%
DDemocratic Republic of the Congo
100%
DDenmark
100%
DDominica
100%
EEcuador
100%
EEritrea
100%
EEstonia
100%
EEswatini
100%
EEthiopia
100%
FFiji
100%
FFinland
100%
FFrance
100%
GGabon
100%
GGeorgia
100%
GGermany
100%
GGhana
100%
GGreece
100%
GGuinea-Bissau
100%
GGuyana
100%
HHonduras
100%
HHungary
100%
IIndia
100%
IIran
100%
IIraq
100%
JJordan
100%
KKosovo
100%
KKyrgyzstan
100%
LLaos
100%
LLebanon
100%
LLiberia
100%
LLibya
100%
LLiechtenstein
100%
MMadagascar
100%
MMicronesia
100%
MMontenegro
100%
MMorocco
100%
MMyanmar
100%
NNauru
100%
NNepal
100%
NNetherlands
100%
NNicaragua
100%
NNiger
100%
PPanama
100%
PPeru
100%
PPhilippines
100%
PPoland
100%
RRussia
100%
SSouth Sudan
100%
SSudan
100%
SSuriname
100%
SSwitzerland
100%
TThailand
100%
TTurkey
100%
UUganda
100%
UUkraine
100%
UUnited Arab Emirates
100%
UUnited Kingdom
100%
VVenezuela
100%
VVietnam
100%
?Yemen
100%
JJapan
80%
MMonaco
75%
SSenegal
75%
SSomalia
75%
CCzech Republic
67%
EEl Salvador
67%
NNorth Macedonia
67%
PPakistan
67%
PPalau
67%
UUzbekistan
67%
PPortugal
60%
AAustria
50%
AAzerbaijan
50%
HHaiti
50%
IIvory Coast
50%
KKenya
50%
MMalta
50%
MMozambique
50%
NNew Zealand
50%
PPapua New Guinea
50%
RRwanda
50%
SSamoa
50%
SSan Marino
50%
SSerbia
50%
SSpain
50%
SSweden
50%
TTonga
50%
TTuvalu
50%
VVanuatu
50%
BBenin
33%
GGuinea
33%
MMauritania
33%
SSaint Lucia
33%
TTunisia
33%
TTurkmenistan
33%
AAustralia
0%
BBahrain
0%
BBangladesh
0%
BBarbados
0%
BBelarus
0%
BBelgium
0%
BBelize
0%
BBolivia
0%
BBosnia and Herzegovina
0%
BBurkina Faso
0%
BBurundi
0%
CCambodia
0%
CCameroon
0%
CCentral African Republic
0%
CChad
0%
CChile
0%
CChina
0%
CColombia
0%
CCosta Rica
0%
CCroatia
0%
CCuba
0%
CCyprus
0%
DDjibouti
0%
DDominican Republic
0%
EEast Timor
0%
EEgypt
0%
EEquatorial Guinea
0%
GGambia
0%
GGrenada
0%
GGuatemala
0%
IIceland
0%
IIndonesia
0%
IIreland
0%
IIsrael
0%
IItaly
0%
JJamaica
0%
KKazakhstan
0%
KKiribati
0%
KKuwait
0%
LLativa
0%
LLesotho
0%
LLithuania
0%
LLuxembourg
0%
MMalawi
0%
MMalaysia
0%
MMaldives
0%
MMali
0%
MMarshall Islands
0%
MMauritius
0%
MMexico
0%
MMoldova
0%
MMongolia
0%
NNamibia
0%
NNigeria
0%
NNorth Korea
0%
NNorway
0%
?Oman
0%
PParaguay
0%
?Qatar
0%
RRepublic of the Congo
0%
RRomania
0%
SSaint Kitts and Nevis
0%
SSaint Vincent and the Grenadines
0%
SSao Tome and Principe
0%
SSaudi Arabia
0%
SSeychelles
0%
SSierra Leone
0%
SSingapore
0%
SSlovakia
0%
SSlovenia
0%
SSolomon Islands
0%
SSouth Africa
0%
SSouth Korea
0%
SSri Lanka
0%
SSyria
0%
TTajikistan
0%
TTanzania
0%
TTogo
0%
TTrinidad and Tobago
0%
UUruguay
0%
ZZambia
0%
?Zimbabwe
0%

Score Distribution

Percentile by Number Answered

Percent of People with Each Score

Your Score History

You have not taken this quiz